| 000 | 00472nam a22001457a 4500 | ||
|---|---|---|---|
| 003 | macl | ||
| 005 | 20180407131825.0 | ||
| 008 | 180407b xxu||||| |||| 00| 0 eng d | ||
| 040 | _cmacl | ||
| 100 |
_aगौतम शर्मा _971738 |
||
| 245 | _aहिमाचल के लोकगीत | ||
| 260 |
_aनई दिल्ली _bराष्ट्रीय पुस्तक न्यास _c2013 |
||
| 650 |
_aलोक _971739 |
||
| 942 |
_2ddc _cHIN |
||
| 999 |
_c57504 _d57504 |
||